Trauma and Resilience Among Displaced Populations (Record no. 19034)

MARC details
000 -LEADER
fixed length control field 00923nam a2200121Ia 4500
008 - FIXED-LENGTH DATA ELEMENTS--GENERAL INFORMATION
fixed length control field 220615s9999||||xx |||||||||||||| ||und||
100 ## - MAIN ENTRY--PERSONAL NAME
Personal name Theisen-Womersley, Gail
245 #0 - TITLE STATEMENT
Title Trauma and Resilience Among Displaced Populations
Remainder of title A Sociocultural Exploration
546 ## - LANGUAGE NOTE
Language note English[eng]
650 ## - SUBJECT ADDED ENTRY--TOPICAL TERM
Topical term or geographic name entry element Social Sciences, general||Cross Cultural Psychology||Psychiatry||Sociology||Cross-Cultural Psychology||collective trauma||refugee resilience||trauma and refugees||resilience and migration||adversity and migration||PTSD among refugees||PTSD in the asylum procedure||shame and trauma||identity-related trauma||collective resilience||conflict in South Sudan||ISIS attacks||Open access||Society & Social Sciences||Social, group or collective psychology
856 ## - ELECTRONIC LOCATION AND ACCESS
Uniform Resource Identifier <a href="https://library.oapen.org/bitstream/20.500.12657/48253/1/9783030677121.pdf||https://library.oapen.org/bitstream/20.500.12657/48253/1/9783030677121.pdf">https://library.oapen.org/bitstream/20.500.12657/48253/1/9783030677121.pdf||https://library.oapen.org/bitstream/20.500.12657/48253/1/9783030677121.pdf</a>
942 ## - ADDED ENTRY ELEMENTS (KOHA)
Koha item type E-Books
Holdings
Withdrawn status Lost status Damaged status Not for loan Home library Current library Date acquired Total Checkouts Date last seen Price effective from Koha item type
        Kerala University of Digital Sciences, Innovation and Technology Knowledge Centre Kerala University of Digital Sciences, Innovation and Technology Knowledge Centre 15/06/2022   15/06/2022 15/06/2022 E-Books